000 01136cam a22003131i 4500
001 gs 06001132
003 DLC
005 20260227111304.0
008 790305s1906 dcuab f001 0 eng
010 _ags 06001132
035 _a(OCoLC)4712459
040 _aDLC
_cICharE
_dDLC
042 _apremarc
043 _an-us-ms
050 0 0 _aTN24.M7
_bC8
100 1 _aCrider, Albert Forster,
_d1873-
245 1 0 _aGeology and mineral resources of Mississippi /
_cby A.F. Crider.
260 _aWashington,
_bGovt. Print. Off.,
_c1906.
300 _a 99, v p. :
_bill., iv pl. (incl. fold. map) ;
_c24 cm.
490 1 _aU.S. Geological survey. Bulletin
_vno. 283
500 _aSubject series: A, Economic geology, 71; B, Descriptive geology, 92.
500 _aIssued also as House doc. no. 831, 59th Cong., 1st sess.
500 _a"Cement materials, by Edwin C. Eckel" : p. 71-84.
500 _aIncludes index.
650 0 _aGeology
_zMississippi.
650 0 _aMines and mineral resources
_zMississippi.
700 1 _aEckel, Edwin C.
_q(Edwin Clarence),
_d1875-1941.
810 2 _aGeological Survey (U.S.).
_tBulletin ;
_vno. 283.
999 _c24506
_d24506